000 00795nas a2200253 i 4500
001 2021
003 ES-MaACL
005 20250809062533.0
007 t|
008 950801c1944 sp | | 1 ||pa d
080 _a34
245 0 0 _aRevista valenciana de derecho /
_cdir. Augusto Vicente Almela.
260 _aValencia :
_bRevista Valenciana de Derecho,
_c1944.
300 _a33 v. ;
_c24 cm.
310 _aMensual
362 0 _aAño 1, n. 1 (oct. 1944)-año 1, n. 2 (nov. 1944)
500 _aLos índices van colocados junto con la revista.
650 1 7 _aDerecho
_2embne
_911602
700 1 _aVicente y Almela, Augusto,
_edir.
_9194346
785 0 0 _aRevista general de derecho
_d1945-
852 _aES-MaACL
_jHEM-D-77
_xHem-1268
_d
866 0 _o1944-68.
999 _c2021
_d2021